000 00895nam a2200265 i 4500
003 DO-SdBNP
005 20240305073656.0
007 ta
008 110413s2017 dr 000 p spa d
020 _a9789945418427
040 _aDO-SdBNP
_bspa
_cBNPHU
_erda
082 _a370.11
_bL579p
_222
100 _aLeón Silverio, Oscar de,
_d1953-
_976923
245 1 4 _aLos poemas que Dios me dijo en su silencio /
_cOscar de León Silverio ; prólogo Ramón Antonio Jiménez
264 1 _aSanto Domingo :
_bManjú,
_c2017.
300 _a166 páginas
_c21 cm.
336 _2rdacontent
_atexto
_btxt
337 _2rdamedia
_asin mediación
_bn
338 _2rdacarrier
_avolumen
_bnc
500 _aIncluye datos biográficos del autor en la solapa de la portada.
590 _aInventariado, 2023/ YL
700 1 _aSilié, Rubén,
_d1946-
_eprólogo
_91421
910 _aYLockward
942 _2ddc
_cLBS1
999 _c54430
_d54430